| 000 | 00472nam a2200181Ia 4500 | ||
|---|---|---|---|
| 005 | 20250508152844.0 | ||
| 008 | 008 250505s9999 xx 000 0 hin d | ||
| 037 | _aTextual | ||
| 040 |
_aFEDL _beng _cFEDL |
||
| 041 |
_ahin _2eng |
||
| 084 |
_aB, KAL _qFEDL |
||
| 100 |
_aSehgal Sita Ram _9204388 |
||
| 245 | 0 | _aRashtra kalidas | |
| 260 |
_aNew Delhi, India _bS. R. Sehgal _c1961 |
||
| 300 | _a137p. | ||
| 942 |
_cTEXL _hB, KAL |
||
| 999 |
_c1339223 _d1339223 |
||